| 000 | 00694nam a2200217Ii 4500 | ||
|---|---|---|---|
| 003 | JO-AjNU | ||
| 008 | 230605s9999||||xx |||||||||||||| ||und|| | ||
| 017 | _a2003/1/198 | ||
| 040 |
_aJO-AjNU _bara _erda _cJO-AjNU |
||
| 041 | _aara | ||
| 050 | 1 | 4 | _aDS154.9.A5.A4 2003 |
| 100 | 3 |
_aأمانة عمان الكبرى, _eauthor _949266 |
|
| 245 | 0 | 0 | _aعمان: تاريخ وحضارة |
| 250 | _aط2 | ||
| 264 | 3 | 1 | _aعمان: امانة عمان الكبرى، 2003 |
| 300 |
_a191ص _bخرائط وصور توضيحية |
||
| 336 |
_atext _btxt _2rdacontent |
||
| 337 |
_aunmediated _bn _2rdamedia |
||
| 338 |
_avolume _bnc _2rdacarrier |
||
| 650 | 4 |
_aالاردن-تاريخ عمان _949267 |
|
| 999 |
_aA21628 _c25196 _d25196 |
||